| 000 | 00943cam a2200169ua 4500 | ||
|---|---|---|---|
| 020 | _c6.00 | ||
| 041 |
_aeng _h |
||
| 082 |
_a627.84 _bIND/CO |
||
| 110 | 1 |
_aIndian Standard Institution . _bISI _c() |
|
| 245 | _aCode of practice for joints in surface hydro electric power stations IS:4461-1979 | ||
| 260 |
_aNew Delhi : _bIndian Standards Institution , _c1979. |
||
| 300 | _a22 ; . | ||
| 365 | _a6.00 | ||
| 504 | _a | ||
| 942 | _cBK | ||
| 999 |
_c7163 _d7163 |
||